000 00718nam a2200229 a 4500
001 000034891
005 20200930073952.0
008 111021s1989 sp 000 f spa d
040 _aDO-SdBNP
_bspa
_cBNPHU
082 _a853.912
_bC168b
100 1 _aCalvino, Italo,
_d1923-1985
_939789
240 1 3 _aIl barone rampante
_lespañol
245 1 3 _aEl barón rampante /
_cItalo Calvino ; traducción Esther Benítez.
250 _a4a ed.
260 _aMadrid :
_bSiruela,
_c1989.
300 _a1991 ;
_c23 cm.
500 _aTraducido del italiano.
650 4 _aNovela italiana
_94322
650 4 _aLiteratura italiana
_93329
700 1 _aBenítez, Esther,
_etr.
_913796
910 _aValidado. Control de calidad BNPHU
999 _c34382
_d34382